The noble scholar, jurist, historian


 His Excellency Dr. Abdul Wahhab bin Ibrahim Abu Sulaiman, may Allah have mercy on him.


 He was born in Umm Al-Qura in the year 1356 AH.

الحرف والحرفيون بالمدينة المنورة في العهد السعودي /‏ (Record no. 13874)

MARC details
000 -LEADER
fixed length control field 02240cam a22003611i 4500
003 - CONTROL NUMBER IDENTIFIER
control field OSt
005 - DATE AND TIME OF LATEST TRANSACTION
control field 20260104131328.0
008 - FIXED-LENGTH DATA ELEMENTS--GENERAL INFORMATION
fixed length control field 251130s2013 su a g 000 0 ara c
020 ## - INTERNATIONAL STANDARD BOOK NUMBER
International Standard Book Number 9786030050413
024 0# - OTHER STANDARD IDENTIFIER
Standard number or code 00000001024858
040 ## - CATALOGING SOURCE
Original cataloging agency SA-JeALM
Language of cataloging ara
Transcribing agency SA-RiAUC
Description conventions rda
041 0# - LANGUAGE CODE
Language code of text/sound track or separate title ara
Language code of summary or abstract eng
043 ## - GEOGRAPHIC AREA CODE
Geographic area code a-su---
050 #4 - LIBRARY OF CONGRESS CALL NUMBER
Item number J35 2013
082 04 - DEWEY DECIMAL CLASSIFICATION NUMBER
Classification number 745.50953122
Assigning agency SA-RiAUC
090 ## - LOCALLY ASSIGNED LC-TYPE CALL NUMBER (OCLC); LOCAL CALL NUMBER (RLIN)
Classification number (OCLC) (R) ; Classification number, CALL (RLIN) (NR) 745.50953122
Local cutter number (OCLC) ; Book number/undivided call number, CALL (RLIN) ج ل و
100 1# - MAIN ENTRY--PERSONAL NAME
Personal name جلون، عدنان درويش عبد الغني،
Dates associated with a name 1938-2020
Relator term مؤلف.
245 12 - TITLE STATEMENT
Title الحرف والحرفيون بالمدينة المنورة في العهد السعودي /‏
Statement of responsibility, etc. ‏جمع وتصنيف وإعداد أ. د عدنان بن درويش جلون، أ. أحمد عيد أبو ربعية.
250 ## - EDITION STATEMENT
Edition statement الطبعة الأولى.
264 #1 - PRODUCTION, PUBLICATION, DISTRIBUTION, MANUFACTURE, AND COPYRIGHT NOTICE
Place of production, publication, distribution, manufacture المدينة المنورة :
Name of producer, publisher, distributor, manufacturer عدنان جلون و احمد عيد ابو ربعية،
Date of production, publication, distribution, manufacture, or copyright notice 2013
300 ## - PHYSICAL DESCRIPTION
Extent 799 صفحة ؛
Other physical details إيضاحيات ؛
Dimensions 28 سم
336 ## - CONTENT TYPE
Content type term نص
Content type code txt
Source rdacontent
Materials specified كتاب
337 ## - MEDIA TYPE
Media type term بدون وسيط
Media type code n
Source rdamedia
500 ## - GENERAL NOTE
General note اهداء من المؤلف عدنان جلون الى الشيخ رحمه الله بتاريخ 5 / 11 / 1435 هـ
505 0# - FORMATTED CONTENTS NOTE
Formatted contents note المحتويات : الباب الأول : نبذة تاريخية وحرفية، الباب الثاني : المهن التعليمية والإنسانية والاجتماعية، الباب الثالث : الحرف والمهن التجارية الزراعية، الباب الرابع : الحلويات والمكسرات والفواكة في المدينة، الباب الخامس : الحرف والمهن التجارية والصناعية الثابتة والمتنقلة، الباب السادس : دور المرأة الثقافي والتراثي والمهني.
546 ## - LANGUAGE NOTE
Language note يشتمل على مستخلص باللغة الإنجليزية.
650 #7 - SUBJECT ADDED ENTRY--TOPICAL TERM
Topical term or geographic name entry element التراث السعودي
Source of heading or term aucsh
650 #7 - SUBJECT ADDED ENTRY--TOPICAL TERM
Topical term or geographic name entry element الحرف اليدوية
Geographic subdivision السعودية
Source of heading or term aucsh
650 #7 - SUBJECT ADDED ENTRY--TOPICAL TERM
Topical term or geographic name entry element الحرف اليدوية
Geographic subdivision المدينة المنورة
Source of heading or term aucsh
700 1# - ADDED ENTRY--PERSONAL NAME
Personal name أبو ربعية، أحمد عيد ،
Dates associated with a name توفي 2007
Relator term مؤلف.
942 ## - ADDED ENTRY ELEMENTS (KOHA)
Source of classification or shelving scheme Dewey Decimal Classification
Koha item type Books
Suppress in OPAC No
949 ## - LOCAL PROCESSING INFORMATION (OCLC)
a SA-JeALM
d 251130
u osman123
n 1
Holdings
Withdrawn status Lost status Source of classification or shelving scheme Damaged status Not for loan Collection Home library Current library Date acquired Total checkouts Full call number Barcode Date last seen Price effective from Koha item type
    Dewey Decimal Classification     اهداء DR AbdElwahab Library DR AbdElwahab Library 01/04/2026   745.50953122 ج ل و 000022215 01/04/2026 01/04/2026 Books